000 01092 a2200265 4500
999 _c10256
_d10256
020 _a9781785031908
050 _aPR6108
_bHOP 2020
100 _aHope, Maggie
_eauthor
_d1930s -
245 _aA Daughter's Gift /
_cMaggie Hope
264 _aLondon :
_bEbury Press,
_c2000
300 _a405pages :
336 _2rdacontent
_atext
_btxt
337 _2rdamedia
_aunmediated
_bn
338 _2rdacarrier
_avolume
_bnc
500 _a Family saga Saga fiction General Domestic fiction Fiction Romans, nouvelles, etc
520 _aElizabeth Nelson is only ten years old when her mother dies in childbirth. With her father gone, the siblings are separate; Her Aunt Betty takes baby Kit. Elizabeth and her brother, Jimmy, are sent to a children's home and Alice and Jenny are sent into foster care.
650 _aFamilies
_xFiction.
650 _aNurses
_xFiction.
650 _aMan-woman relationships
_xFiction.
650 _aFamilies
_xRomans, nouvelles, etc.
650 _aFamilies.
650 _aMan-woman relationships.
650 _aNurses.
942 _2lcc
_cBK
_h6108
_iHOP
_kPR